000 01135nam a2200361 a 4500
001 vtls001441606
003 NLI
005 20210627122205.0
008 121130s1996 ii 000 p eng
020 _a8172018231 (pbk)
_cRs. 55.00
039 9 _y201211301701
_zVLOAD
040 _aNLI
_beng
_cDatasoft_GENG
_eAACR2
041 1 _aeng
_hraj
044 _aii
082 0 4 _a891.4791
100 1 _aSethia, Kanhaiya Lal,
_d1919-
_91005068
240 1 0 _aLilatamsa.
_lEnglish
245 1 0 _aLeeltaans :
_bthe blue jay /
_cKanhaiya Lal Sethia ; translated [from the Rajasthani] by Shyam Mathur
246 0 _aBlue jay
260 _aNew Delhi :
_bSahitya Akademi,
_c1996
300 _a83 p ;
_c22 cm.
500 _aPoems
500 _a"Sahitya Akademi award-winning Rajasthani poems."
500 _aTranslation of: Lilatamsa
650 0 _aRajasthani poetry
_xTranslations into English
_9780849
700 1 _aMathur, Shyam,
_4trl
_91005069
887 _a
901 _aDB70055
_b13.05.1997
902 _aE 891.4791 Se 75
904 _l3735
949 _AVIRTUAITEM
_D10000
_X100
_6DBA000070055ENG
942 _2ddc
_cBKS
999 _aVIRTUA40
_c892829
_d892829